[Event "Eesti klubide mv"]
[Site "Tallinn"]
[Date "2006.03.24"]
[Round "2"]
[White "Teemäe, Leo"]
[Black "Dubrovin, Robert"]
[Result "1/2-1/2"]
[WhiteElo "2089"]
[BlackElo "2203"]
[PlyCount "26"]
[EventDate "2006.03.23"]
[EventType "team"]
[EventRounds "7"]
[EventCountry "EST"]
[SourceDate "2006.04.22"]
[WhiteTeam "Paul Kerese MK"]
[BlackTeam "Vabaettur 2"]
[WhiteTeamCountry "EST"]
[BlackTeamCountry "EST"]

1. e4 c5 2. Nf3 Nc6 3. d4 cxd4 4. Nxd4 e6 5. g3 a6 6. Bg2 Qc7 7. O-O Nge7 8.
Nc3 Nxd4 9. Qxd4 Nc6 10. Qd1 b5 11. e5 Bb7 12. Bf4 Be7 13. h4 Rd8 1/2-1/2

[Event "Eesti klubide mv"]
[Site "Tallinn"]
[Date "2006.03.24"]
[Round "2"]
[White "Sööt, Margus"]
[Black "Saraikin, Sergei"]
[Result "1/2-1/2"]
[WhiteElo "2174"]
[BlackElo "2035"]
[PlyCount "65"]
[EventDate "2006.03.23"]
[EventType "team"]
[EventRounds "7"]
[EventCountry "EST"]
[SourceDate "2006.04.22"]
[WhiteTeam "Vabaettur 2"]
[BlackTeam "Paul Kerese MK"]
[WhiteTeamCountry "EST"]
[BlackTeamCountry "EST"]

1. e4 c5 2. Nf3 d6 3. d4 cxd4 4. Nxd4 Nf6 5. Nc3 a6 6. Be3 g6 7. Be2 Bg7 8. O-O
Bd7 9. f3 Nc6 10. Qd2 O-O 11. Kh1 b5 12. Nxc6 Bxc6 13. Bh6 d5 14. Bxg7 Kxg7 15.
exd5 Nxd5 16. Nxd5 Qxd5 17. Rfd1 Qxd2 18. Rxd2 g5 19. Rad1 h5 20. Kg1 f5 21. a3
Kf6 22. Kf2 h4 23. Rd4 Rfe8 24. c4 e5 25. Rd6+ Re6 26. Rd8 Rxd8 27. Rxd8 Re8
28. Rxe8 Bxe8 29. cxb5 axb5 30. Ke3 Ke6 31. Bd3 Bd7 32. Bc2 Kd6 33. Bd1 1/2-1/2

[Event "Eesti klubide mv"]
[Site "Tallinn"]
[Date "2006.03.24"]
[Round "2"]
[White "Glushakova, Natalja"]
[Black "Jermolina, Jekaterina"]
[Result "1/2-1/2"]
[WhiteElo "1809"]
[BlackElo "1902"]
[PlyCount "43"]
[EventDate "2006.03.23"]
[EventType "team"]
[EventRounds "7"]
[EventCountry "EST"]
[SourceDate "2006.04.22"]
[WhiteTeam "Paul Kerese MK"]
[BlackTeam "Vabaettur 2"]
[WhiteTeamCountry "EST"]
[BlackTeamCountry "EST"]

1. e4 e5 2. Nf3 Nc6 3. Bb5 a6 4. Ba4 Nf6 5. O-O b5 6. Bb3 Bc5 7. d3 h6 8. c3 d6
9. h3 O-O 10. Re1 Re8 11. Be3 Bxe3 12. Rxe3 Bb7 13. Nh2 Ne7 14. Ng4 Nxg4 15.
Qxg4 d5 16. Nd2 Qd6 17. Nf3 Ng6 18. Nh4 Nxh4 19. Qxh4 c5 20. exd5 Bxd5 21. Bxd5
Qxd5 22. Qe4 1/2-1/2

[Event "Eesti klubide mv"]
[Site "Tallinn"]
[Date "2006.03.24"]
[Round "3"]
[White "Shevtshenko, Robert"]
[Black "Kovaljov, Deniss"]
[Result "1/2-1/2"]
[WhiteElo "2396"]
[BlackElo "2337"]
[PlyCount "20"]
[EventDate "2006.03.23"]
[EventType "team"]
[EventRounds "7"]
[EventCountry "EST"]
[SourceDate "2006.04.22"]
[WhiteTeam "Paul Kerese MK"]
[BlackTeam "Vabaettur 1"]
[WhiteTeamCountry "EST"]
[BlackTeamCountry "EST"]

1. e4 e6 2. d4 d5 3. Nd2 dxe4 4. Nxe4 Nd7 5. Bd3 Ngf6 6. Qe2 Be7 7. Nf3 O-O 8.
Bg5 c5 9. Nxc5 Nxc5 10. dxc5 Qa5+ 1/2-1/2

[Event "Eesti klubide mv"]
[Site "Tallinn"]
[Date "2006.03.24"]
[Round "3"]
[White "Danilov, Nikolai"]
[Black "Nei, Mati"]
[Result "0-1"]
[WhiteElo "2315"]
[BlackElo "2293"]
[PlyCount "102"]
[EventDate "2006.03.23"]
[EventType "team"]
[EventRounds "7"]
[EventCountry "EST"]
[SourceDate "2006.04.22"]
[WhiteTeam "Vabaettur 1"]
[BlackTeam "Paul Kerese MK"]
[WhiteTeamCountry "EST"]
[BlackTeamCountry "EST"]

1. d4 d5 2. c4 e6 3. Nc3 c6 4. e3 Bd6 5. Nf3 f5 6. Ne5 Nf6 7. Bd3 O-O 8. O-O
Nbd7 9. f4 Ne4 10. Nxe4 fxe4 11. Be2 Qe7 12. Bd2 Nf6 13. Qb3 Rb8 14. a3 Bd7 15.
Bb4 Bxb4 16. axb4 a6 17. b5 dxc4 18. Bxc4 cxb5 19. Nxd7 bxc4 20. Nxf6+ gxf6 21.
Qxc4 Rbc8 22. Qb3 f5 23. Ra5 Qf7 24. Re5 Rc6 25. Rd1 Rd8 26. h3 h5 27. Kh2 h4
28. d5 Rxd5 29. Rdxd5 exd5 30. Qxd5 Qxd5 31. Rxd5 Rb6 32. Rd2 Rb3 33. Re2 b5
34. g3 Kg7 35. gxh4 Kh6 36. h5 Kxh5 37. Kg3 a5 38. Kh2 Kh4 39. Kg2 a4 40. Kf2
Kxh3 41. Rc2 b4 42. Ke2 Kg3 43. Kd2 Kf3 44. Rc5 Rxb2+ 45. Kc1 a3 46. Rxf5 Kxe3
47. Rf8 b3 48. Ra8 Rc2+ 49. Kb1 a2+ 50. Ka1 Rc1+ 51. Kb2 Rb1+ 0-1

[Event "Eesti klubide mv"]
[Site "Tallinn"]
[Date "2006.03.24"]
[Round "3"]
[White "Nikitin, Pjotr"]
[Black "Krupenski, Juri"]
[Result "0-1"]
[WhiteElo "2160"]
[BlackElo "2290"]
[PlyCount "40"]
[EventDate "2006.03.23"]
[EventType "team"]
[EventRounds "7"]
[EventCountry "EST"]
[SourceDate "2006.04.22"]
[WhiteTeam "Paul Kerese MK"]
[BlackTeam "Vabaettur 1"]
[WhiteTeamCountry "EST"]
[BlackTeamCountry "EST"]

1. d4 f5 2. Nc3 d5 3. Bf4 c6 4. Qd2 Nf6 5. f3 g6 6. O-O-O Bg7 7. h3 b5 8. Kb1
Nbd7 9. e4 fxe4 10. fxe4 b4 11. Na4 Qa5 12. exd5 Qxa4 13. dxc6 Nb6 14. Nf3 Be6
15. b3 Qa5 16. Qe1 Bf5 17. a4 Nfd5 18. Bd2 Nxa4 19. bxa4 Qxa4 20. Bd3 b3 0-1

[Event "Eesti klubide mv"]
[Site "Tallinn"]
[Date "2006.03.24"]
[Round "3"]
[White "Krupenski, Igor"]
[Black "Ilves, Jüri"]
[Result "1/2-1/2"]
[WhiteElo "2326"]
[BlackElo "2096"]
[PlyCount "127"]
[EventDate "2006.03.23"]
[EventType "team"]
[EventRounds "7"]
[EventCountry "EST"]
[SourceDate "2006.04.22"]
[WhiteTeam "Vabaettur 1"]
[BlackTeam "Paul Kerese MK"]
[WhiteTeamCountry "EST"]
[BlackTeamCountry "EST"]

1. e4 c5 2. g3 Nc6 3. Bg2 g6 4. Ne2 Bg7 5. O-O d6 6. c3 Qb6 7. Na3 Nf6 8. Nc4
Qc7 9. b3 O-O 10. d4 b5 11. Ne3 cxd4 12. cxd4 Bb7 13. Bb2 Qd7 14. f4 Nb4 15. a3
Na6 16. Qd3 Rac8 17. b4 Nc7 18. d5 Na8 19. e5 dxe5 20. fxe5 Ne8 21. Nf4 Rd8 22.
Qb3 Qc7 23. Rac1 Qb8 24. e6 f5 25. Rc5 a6 26. Bxg7 Nxg7 27. a4 bxa4 28. Qxa4
Qe5 29. Nc4 Qd4+ 30. Kh1 g5 31. Rd1 Qf6 32. Nh3 Ne8 33. Na5 Nd6 34. Qa1 h6 35.
Nxb7 Nxb7 36. Rc6 Nd6 37. Qxa6 Ne4 38. Qc4 Nd6 39. Qd3 Rb8 40. Rb1 Rb6 41. b5
Rfb8 42. Rc5 R6b7 43. Nf2 Nc7 44. g4 Rxb5 45. Rbxb5 Ncxb5 46. gxf5 Qxf5 47. Kg1
Rf8 48. Qxf5 Rxf5 49. Ng4 Kg7 50. Ne3 Rf4 51. h3 h5 52. Nf1 Rc4 53. Rxc4 Nxc4
54. Ng3 h4 55. Bf1 Nbd6 56. Bxc4 hxg3 57. Ba2 Kf6 58. Kg2 Nf5 59. Kf3 Ke5 60.
Bb1 Nd4+ 61. Kxg3 Kxd5 62. Ba2+ Ke5 63. Kg4 Kf6 64. Bc4 1/2-1/2

[Event "Eesti klubide mv"]
[Site "Tallinn"]
[Date "2006.03.24"]
[Round "3"]
[White "Teemäe, Leo"]
[Black "Lelumees, Brait"]
[Result "1/2-1/2"]
[WhiteElo "2089"]
[BlackElo "2213"]
[PlyCount "64"]
[EventDate "2006.03.23"]
[EventType "team"]
[EventRounds "7"]
[EventCountry "EST"]
[SourceDate "2006.04.22"]
[WhiteTeam "Paul Kerese MK"]
[BlackTeam "Vabaettur 1"]
[WhiteTeamCountry "EST"]
[BlackTeamCountry "EST"]

1. e4 c5 2. Nf3 d6 3. d4 cxd4 4. Nxd4 Nf6 5. Nc3 a6 6. Bc4 e6 7. Bb3 Nc6 8. Be3
Na5 9. O-O b5 10. f4 b4 11. Na4 Nxe4 12. f5 Nxb3 13. fxe6 Bxe6 14. Nxe6 fxe6
15. Qh5+ Kd7 16. Nb6+ Kc6 17. axb3 Ra7 18. Qg4 Nc5 19. Bxc5 dxc5 20. Qxe6+ Qd6
21. Qxd6+ Bxd6 22. Nc4 Rf8 23. Rxf8 Bxf8 24. Rf1 Bd6 25. g3 Re7 26. Ra1 Ra7 27.
Kf2 Be7 28. Kf3 Bf6 29. Re1 a5 30. Ra1 Kb5 31. Nd6+ Kc6 32. Nc4 Kb5 1/2-1/2

[Event "Eesti klubide mv"]
[Site "Tallinn"]
[Date "2006.03.24"]
[Round "3"]
[White "Bashkite, Viktoria"]
[Black "Glushakova, Natalja"]
[Result "1/2-1/2"]
[WhiteElo "2214"]
[BlackElo "1902"]
[PlyCount "94"]
[EventDate "2006.03.23"]
[EventType "team"]
[EventRounds "7"]
[EventCountry "EST"]
[SourceDate "2006.04.22"]
[WhiteTeam "Vabaettur 1"]
[BlackTeam "Paul Kerese MK"]
[WhiteTeamCountry "EST"]
[BlackTeamCountry "EST"]

1. c4 Nf6 2. g3 c5 3. Bg2 Nc6 4. Nc3 d6 5. b3 e5 6. Nf3 Bg4 7. d3 Be7 8. h3 Be6
9. O-O O-O 10. Bb2 Nd7 11. e3 f5 12. Qe2 Nb6 13. Rad1 Bf6 14. d4 e4 15. d5 exf3
16. Bxf3 Bxc3 17. Bxc3 Bxd5 18. Bxd5+ Nxd5 19. Rxd5 Qe7 20. Qd2 Rad8 21. Rd1 h6
22. Qd3 Qe6 23. Rxd6 Rxd6 24. Qxd6 Qxd6 25. Rxd6 Rd8 26. Rg6 Rd7 27. h4 Kf8 28.
h5 Nb4 29. Be5 b6 30. a3 Nd3 31. Bd6+ Kf7 32. b4 cxb4 33. axb4 a5 34. bxa5 bxa5
35. Kf1 a4 36. Ke2 Nb2 37. c5 a3 38. c6 a2 39. cxd7 a1=Q 40. Rxg7+ Kxg7 41.
Be5+ Kh7 42. d8=Q Qa6+ 43. Kd2 Nc4+ 44. Kc3 (44. Ke1) 44... Nxe5 45. Qe7+ Kg8
46. Qe8+ Kh7 47. Qe7+ Kg8 1/2-1/2

[Event "Eesti klubide mv"]
[Site "Tallinn"]
[Date "2006.03.24"]
[Round "3"]
[White "Sepp, Olav"]
[Black "Vovk, Ilja"]
[Result "1-0"]
[WhiteElo "2487"]
[BlackElo "2265"]
[PlyCount "89"]
[EventDate "2006.03.23"]
[EventType "team"]
[EventRounds "7"]
[EventCountry "EST"]
[SourceDate "2006.04.22"]
[WhiteTeam "Saaremaa MK"]
[BlackTeam "Vabaettur 2"]
[WhiteTeamCountry "EST"]
[BlackTeamCountry "EST"]

1. e4 e5 2. Nf3 Nc6 3. d4 exd4 4. Nxd4 Nf6 5. Nc3 Bb4 6. Nxc6 bxc6 7. Bd3 d5 8.
exd5 cxd5 9. O-O O-O 10. Bg5 c6 11. Qf3 Bd6 12. Rae1 Rb8 13. Nd1 Be6 14. b3 h6
15. Bxf6 Qxf6 16. Qxf6 gxf6 17. Ne3 Bb4 18. Rd1 Bc3 19. Nf5 Bxf5 20. Bxf5 Rfe8
21. Rd3 Ba5 22. Bd7 Re2 23. Bxc6 Rxc2 24. Bxd5 Bb6 25. a4 Re8 26. Bc4 Re7 27.
Rd5 Ra2 28. g3 Kg7 29. Kg2 Rc7 30. h4 Re7 31. Rf5 Re5 32. Rf4 Be3 33. Rf3 Bb6
34. Rd1 Re7 35. Rd6 Re3 36. Rfxf6 Re6 37. Rxf7+ Kxf7 38. Rxe6 Kg7 39. Re2 Ra1
40. g4 Rd1 41. Re7+ Kf6 42. Re6+ Kg7 43. f4 Rg1+ 44. Kf3 Rh1 45. h5 1-0

[Event "Eesti klubide mv"]
[Site "Tallinn"]
[Date "2006.03.24"]
[Round "3"]
[White "Karjakin, Sergei"]
[Black "Lauk, Ülar"]
[Result "1/2-1/2"]
[WhiteElo "2203"]
[BlackElo "2398"]
[PlyCount "24"]
[EventDate "2006.03.23"]
[EventType "team"]
[EventRounds "7"]
[EventCountry "EST"]
[SourceDate "2006.04.22"]
[WhiteTeam "Vabaettur 2"]
[BlackTeam "Saaremaa MK"]
[WhiteTeamCountry "EST"]
[BlackTeamCountry "EST"]

1. e4 e5 2. Nf3 Nf6 3. Nxe5 d6 4. Nf3 Nxe4 5. Nc3 Nxc3 6. dxc3 Be7 7. Bf4 O-O
8. Qd2 Nd7 9. O-O-O Nc5 10. Nd4 Ne6 11. Be3 Nxd4 12. cxd4 c6 1/2-1/2

[Event "Eesti klubide mv"]
[Site "Tallinn"]
[Date "2006.03.24"]
[Round "3"]
[White "Kuusk, Indrek"]
[Black "Shlõkov, Vitali"]
[Result "1-0"]
[WhiteElo "2299"]
[BlackElo "2277"]
[PlyCount "131"]
[EventDate "2006.03.23"]
[EventType "team"]
[EventRounds "7"]
[EventCountry "EST"]
[SourceDate "2006.04.22"]
[WhiteTeam "Saaremaa MK"]
[BlackTeam "Vabaettur 2"]
[WhiteTeamCountry "EST"]
[BlackTeamCountry "EST"]

1. d4 Nf6 2. c4 g6 3. Nc3 Bg7 4. e4 d6 5. f3 O-O 6. Be3 e5 7. Nge2 Nbd7 8. Qd2
c6 9. d5 c5 10. g4 a6 11. Ng3 Ne8 12. h4 b5 13. cxb5 Nb6 14. h5 f5 15. Bg5 Bf6
16. Bxf6 Qxf6 17. hxg6 fxg4 18. Rxh7 Qf4 19. Qh2 Qe3+ 20. Be2 Nf6 21. Qh4 Bd7
22. Nd1 Qf4 23. Rh8+ Kg7 24. Nh5+ Nxh5 25. Rh7+ Kxg6 26. Qxh5+ Kf6 27. Qh4+ Kg6
28. Qh5+ Kf6 29. fxg4 Be8 30. Qh4+ Qg5 31. Qxg5+ Kxg5 32. bxa6 c4 33. a7 Bf7
34. b3 Rxa7 35. bxc4 Ra4 36. Nc3 Rb4 37. Rb1 Rxb1+ 38. Nxb1 Bg6 39. Rb7 Na4 40.
Nd2 Nc3 41. Rb6 Rd8 42. c5 dxc5 43. Nf3+ Kf4 44. Rxg6 Ke3 45. Ng1 Rb8 46. Kf1
Rb1+ 47. Kg2 Nxe2 48. Nxe2 Kxe2 49. Rc6 Kd3 50. Rxc5 Kxe4 51. d6 Rb2+ 52. Kg3
Rxa2 53. Rc4+ Ke3 54. Rc1 Ra8 55. d7 Rd8 56. Rd1 e4 57. g5 Ke2 58. Rd6 e3 59.
g6 Kf1 60. g7 e2 61. Rf6+ Kg1 62. Re6 Kf1 63. Re8 e1=Q+ 64. Rxe1+ Kxe1 65. Kf4
Kf2 66. Ke5 1-0

[Event "Eesti klubide mv"]
[Site "Tallinn"]
[Date "2006.03.24"]
[Round "3"]
[White "Dubrovin, Robert"]
[Black "Schults, Olev"]
[Result "0-1"]
[WhiteElo "2203"]
[BlackElo "2280"]
[PlyCount "46"]
[EventDate "2006.03.23"]
[EventType "team"]
[EventRounds "7"]
[EventCountry "EST"]
[SourceDate "2006.04.22"]
[WhiteTeam "Vabaettur 2"]
[BlackTeam "Saaremaa MK"]
[WhiteTeamCountry "EST"]
[BlackTeamCountry "EST"]

1. d4 Nf6 2. Nf3 b5 3. g3 Bb7 4. Bg2 e6 5. O-O Be7 6. a4 b4 7. a5 O-O 8. Nbd2
d6 9. Nc4 Na6 10. c3 Rb8 11. Nfd2 Bxg2 12. Kxg2 c5 13. e3 Qc7 14. Qe2 Qb7+ 15.
Kg1 Rfc8 16. Re1 Bf8 17. dxc5 bxc3 18. bxc3 Nxc5 19. Ba3 Qa6 20. Bb4 Nfe4 21.
Bxc5 Nxc5 22. Qd1 Nd3 23. Rf1 Rxc4 0-1

[Event "Eesti klubide mv"]
[Site "Tallinn"]
[Date "2006.03.24"]
[Round "3"]
[White "Kuusk, Andres"]
[Black "Sööt, Margus"]
[Result "1-0"]
[WhiteElo "2253"]
[BlackElo "2174"]
[PlyCount "37"]
[EventDate "2006.03.23"]
[EventType "team"]
[EventRounds "7"]
[EventCountry "EST"]
[SourceDate "2006.04.22"]
[WhiteTeam "Saaremaa MK"]
[BlackTeam "Vabaettur 2"]
[WhiteTeamCountry "EST"]
[BlackTeamCountry "EST"]

1. e4 c5 2. Nf3 e6 3. d4 cxd4 4. Nxd4 Nf6 5. Nc3 Qc7 6. Ndb5 Qe5 7. f4 Qc5 8.
e5 Ng8 9. Qf3 Na6 10. Be3 Qb4 11. O-O-O Nh6 12. Rd4 Qa5 13. Ra4 Qd8 14. Rxa6
bxa6 15. Qxa8 axb5 16. Nxb5 a6 17. Na7 Nf5 18. Bf2 Ne7 19. Qb8 1-0

[Event "Eesti klubide mv"]
[Site "Tallinn"]
[Date "2006.03.24"]
[Round "3"]
[White "Jermolina, Jekaterina"]
[Black "Laesson, Tuulikki"]
[Result "1/2-1/2"]
[WhiteElo "1809"]
[BlackElo "2235"]
[PlyCount "39"]
[EventDate "2006.03.23"]
[EventType "team"]
[EventRounds "7"]
[EventCountry "EST"]
[SourceDate "2006.04.22"]
[WhiteTeam "Vabaettur 2"]
[BlackTeam "Saaremaa MK"]
[WhiteTeamCountry "EST"]
[BlackTeamCountry "EST"]

1. e4 d5 2. exd5 Nf6 3. Bb5+ Bd7 4. Bxd7+ Nbxd7 5. Nc3 Nb6 6. Nf3 g6 7. O-O Bg7
8. Qe2 O-O 9. d4 Nbxd5 10. Nxd5 Nxd5 11. c3 Qd6 12. Bg5 h6 13. Bh4 f5 14. c4
Nf4 15. Qe3 g5 16. Bg3 Rad8 17. Bxf4 gxf4 18. Qe2 Bxd4 19. Nxd4 Qxd4 20. Qxe7
1/2-1/2

[Event "Eesti klubide mv"]
[Site "Tallinn"]
[Date "2006.03.24"]
[Round "3"]
[White "Kanep, Meelis"]
[Black "Kukk, Sander"]
[Result "1-0"]
[WhiteElo "2528"]
[BlackElo "2176"]
[PlyCount "67"]
[EventDate "2006.03.23"]
[EventType "team"]
[EventRounds "7"]
[EventCountry "EST"]
[SourceDate "2006.04.22"]
[WhiteTeam "Viljandi MS"]
[BlackTeam "SK Reval Sport"]
[WhiteTeamCountry "EST"]
[BlackTeamCountry "EST"]

1. d4 Nf6 2. Bg5 g6 3. Bxf6 exf6 4. e3 Bg7 5. g3 O-O 6. Bg2 f5 7. Ne2 d5 8. O-O
c6 9. b3 Be6 10. Nf4 Nd7 11. c4 Nf6 12. cxd5 Nxd5 13. Nxd5 Bxd5 14. Bxd5 Qxd5
15. Nc3 Qd7 16. Rc1 Rfd8 17. Na4 b6 18. Qf3 Rac8 19. Rc2 Rc7 20. Rfc1 Rdc8 21.
Nc3 c5 22. Nd5 Rc6 23. Nb4 R6c7 24. Na6 Rc6 25. b4 c4 26. b5 Rd6 27. a4 Qe6 28.
Nb4 g5 29. d5 Qd7 30. Rxc4 Rxc4 31. Rxc4 a5 32. bxa6 Qxa4 33. Rc8+ Bf8 34. Nc6
1-0

[Event "Eesti klubide mv"]
[Site "Tallinn"]
[Date "2006.03.24"]
[Round "3"]
[White "Valner, Uku"]
[Black "Seeman, Tarvo"]
[Result "0-1"]
[WhiteElo "2102"]
[BlackElo "2445"]
[PlyCount "64"]
[EventDate "2006.03.23"]
[EventType "team"]
[EventRounds "7"]
[EventCountry "EST"]
[SourceDate "2006.04.22"]
[WhiteTeam "SK Reval Sport"]
[BlackTeam "Viljandi MS"]
[WhiteTeamCountry "EST"]
[BlackTeamCountry "EST"]

1. e4 c5 2. Nc3 e6 3. g3 d5 4. d3 Nf6 5. Bg2 Be7 6. e5 Nfd7 7. f4 Nc6 8. Nf3 b5
9. O-O b4 10. Ne2 a5 11. c4 bxc3 12. bxc3 Rb8 13. Ba3 Ba6 14. Qc2 Qc7 15. Rab1
c4 16. Rxb8+ Qxb8 17. Qb2 Qxb2 18. Bxb2 cxd3 19. Ned4 Nxd4 20. Nxd4 Nb6 21. Rd1
Kd7 22. Bf1 Na4 23. Ba1 Rb8 24. Nb3 Nc5 25. Nxa5 Bd8 26. Nb3 Nxb3 27. axb3 Rxb3
28. Kf2 Ra3 29. Bb2 Ra2 30. Rd2 d4 31. Ke1 Ba5 32. Kd1 Bc4 0-1

[Event "Eesti klubide mv"]
[Site "Tallinn"]
[Date "2006.03.24"]
[Round "3"]
[White "Kärner, Hillar"]
[Black "Nestor, Kaarel"]
[Result "1-0"]
[WhiteElo "2297"]
[BlackElo "2069"]
[PlyCount "33"]
[EventDate "2006.03.23"]
[EventType "team"]
[EventRounds "7"]
[EventCountry "EST"]
[SourceDate "2006.04.22"]
[WhiteTeam "Viljandi MS"]
[BlackTeam "SK Reval Sport"]
[WhiteTeamCountry "EST"]
[BlackTeamCountry "EST"]

1. d4 Nf6 2. c4 e5 3. dxe5 Ng4 4. Nf3 Bc5 5. e3 Nc6 6. Nc3 O-O 7. Be2 Re8 8.
O-O a5 9. b3 Ngxe5 10. Bb2 Nxf3+ 11. Bxf3 Ne5 12. Ne4 Bf8 13. Ng3 Ra6 14. Bd5
Rh6 15. f4 Nc6 16. Bxf7+ Kh8 17. Nf5 1-0

[Event "Eesti klubide mv"]
[Site "Tallinn"]
[Date "2006.03.24"]
[Round "3"]
[White "Keskel, Marko"]
[Black "Kanep, Siim"]
[Result "0-1"]
[WhiteElo "2151"]
[BlackElo "2228"]
[PlyCount "96"]
[EventDate "2006.03.23"]
[EventType "team"]
[EventRounds "7"]
[EventCountry "EST"]
[SourceDate "2006.04.22"]
[WhiteTeam "SK Reval Sport"]
[BlackTeam "Viljandi MS"]
[WhiteTeamCountry "EST"]
[BlackTeamCountry "EST"]

1. e4 c5 2. Nc3 Nc6 3. g3 g6 4. Bg2 Bg7 5. Nge2 e6 6. d3 d6 7. O-O Nge7 8. Be3
Nd4 9. a3 O-O 10. Rb1 a5 11. Qd2 Nec6 12. h3 Rb8 13. g4 b5 14. Ng3 b4 15. Nce2
e5 16. f4 Nxe2+ 17. Qxe2 exf4 18. Bxf4 Nd4 19. Qd2 Ba6 20. Ne2 Ne6 21. Be3 c4
22. Rfd1 cxd3 23. cxd3 Nc5 24. d4 Nb3 25. Qc2 Bxe2 26. Qxe2 bxa3 27. bxa3 Nxd4
28. Qa6 Rxb1 29. Rxb1 Nc2 30. Bb6 Bd4+ 31. Bxd4 Nxd4 32. Rd1 Qg5 33. Qd3 Ne6
34. Kh1 h5 35. gxh5 Nf4 36. Qd2 Qxh5 37. Qxd6 Nxh3 38. Rd5 Qh4 39. Bxh3 Qxh3+
40. Kg1 Qg4+ 41. Kf2 Qxe4 42. Rg5 Re8 43. Qd2 Rc8 44. Kg3 Rb8 45. Rd5 Rb3+ 46.
Kh2 Qh4+ 47. Kg1 Qg3+ 48. Kf1 Rf3+ 0-1

[Event "Eesti klubide mv"]
[Site "Tallinn"]
[Date "2006.03.24"]
[Round "3"]
[White "Kuldsepp, Tanel"]
[Black "Alasoo, Kaarel"]
[Result "1-0"]
[WhiteElo "2210"]
[BlackElo "1990"]
[PlyCount "55"]
[EventDate "2006.03.23"]
[EventType "team"]
[EventRounds "7"]
[EventCountry "EST"]
[SourceDate "2006.04.22"]
[WhiteTeam "Viljandi MS"]
[BlackTeam "SK Reval Sport"]
[WhiteTeamCountry "EST"]
[BlackTeamCountry "EST"]

1. e4 Nf6 2. e5 Nd5 3. c4 Nb6 4. c5 Nd5 5. Bc4 e6 6. Nc3 Nxc3 7. bxc3 Qh4 8. d4
Bxc5 9. Nf3 Qe4+ 10. Be3 Be7 11. Bd3 Qc6 12. c4 d5 13. Rc1 Qd7 14. O-O b6 15.
cxd5 exd5 16. e6 Qxe6 17. Re1 Qd6 18. g3 O-O 19. Bf4 Qa3 20. Rxc7 Bd6 21. Bxh7+
Kh8 22. Re3 Bxf4 23. Rxa3 Bxc7 24. Rc3 Bd6 25. Qc2 Bg4 26. Ng5 Be7 27. Bg8 f5
28. Bxd5 1-0

[Event "Eesti klubide mv"]
[Site "Tallinn"]
[Date "2006.03.24"]
[Round "3"]
[White "Rõtova, Merike"]
[Black "Vahtra, Tuuli"]
[Result "1-0"]
[WhiteElo "1994"]
[BlackElo "2059"]
[PlyCount "145"]
[EventDate "2006.03.23"]
[EventType "team"]
[EventRounds "7"]
[EventCountry "EST"]
[SourceDate "2006.04.22"]
[WhiteTeam "SK Reval Sport"]
[BlackTeam "Viljandi MS"]
[WhiteTeamCountry "EST"]
[BlackTeamCountry "EST"]

1. d4 Nf6 2. e3 g6 3. f4 Bg7 4. c3 d6 5. Bd3 c5 6. Nf3 Nc6 7. O-O O-O 8. Nbd2
e5 9. dxc5 dxc5 10. Ne4 Qe7 11. Qc2 exf4 12. Nxf6+ Bxf6 13. exf4 c4 14. Be4 Re8
15. Re1 Bg4 16. Bd2 Rad8 17. Kh1 Qc7 18. f5 Bxf3 19. gxf3 Be5 20. fxg6 hxg6 21.
Bg5 Rd6 22. Qg2 Kg7 23. f4 Bf6 24. Re2 Bxg5 25. Qxg5 Qe7 26. Qg2 f5 27. Bd3 Re6
28. Rxe6 Qxe6 29. Bf1 Qe3 30. Rd1 Qxf4 31. Rd7+ Re7 32. Rxe7+ Nxe7 33. Qe2 Qe4+
34. Qxe4 fxe4 35. Bxc4 Kf6 36. Kg1 Ke5 37. Kf2 Kf4 38. a4 b6 39. b4 Nc6 40. Bd5
Ne5 41. Ke2 Ng4 42. h3 Ne5 43. a5 bxa5 44. bxa5 Nd3 45. Be6 Nc5 46. Bc8 g5 47.
a6 Nb3 48. Bb7 e3 49. Bc8 Nc1+ 50. Ke1 e2 51. Bg4 Ke3 52. Bf5 Nb3 53. Bg4 Nc1
54. Bf5 Na2 55. c4 Nb4 56. c5 Nxa6 57. c6 Nc7 58. Bg4 Kd4 59. Bxe2 Kc5 60. Bf3
Kd6 61. Kd2 Ne6 62. Ke3 Nd8 63. Ke4 Nxc6 64. Bd1 Ke6 65. Ba4 Ne5 66. Ke3 Kf6
67. Kf2 Kf5 68. Kg3 Ke4 69. h4 gxh4+ 70. Kxh4 a5 71. Kg3 Ke3 72. Kg2 Nc4 73.
Be8 {aeg} 1-0

[Event "Eesti klubide mv"]
[Site "Tallinn"]
[Date "2006.03.24"]
[Round "3"]
[White "Malinin, Juri"]
[Black "Zjukin, Sergei"]
[Result "1/2-1/2"]
[WhiteElo "2358"]
[BlackElo "2366"]
[PlyCount "32"]
[EventDate "2006.03.23"]
[EventType "team"]
[EventRounds "7"]
[EventCountry "EST"]
[SourceDate "2006.04.22"]
[WhiteTeam "Narva Maletäht"]
[BlackTeam "Kadrioru MK"]
[WhiteTeamCountry "EST"]
[BlackTeamCountry "EST"]

1. e4 e5 2. Nf3 Nc6 3. Bb5 a6 4. Bxc6 dxc6 5. Nc3 f6 6. d4 exd4 7. Nxd4 c5 8.
Nde2 Qxd1+ 9. Nxd1 Be6 10. Bf4 O-O-O 11. Ne3 c4 12. Rd1 Rxd1+ 13. Nxd1 Bc5 14.
Be3 Bd6 15. Bf4 Bc5 16. Be3 Bd6 1/2-1/2

[Event "Eesti klubide mv"]
[Site "Tallinn"]
[Date "2006.03.24"]
[Round "3"]
[White "Tarakanov, Oleg"]
[Black "Sõskov, Vjacheslav"]
[Result "0-1"]
[WhiteElo "2200"]
[BlackElo "2239"]
[PlyCount "100"]
[EventDate "2006.03.23"]
[EventType "team"]
[EventRounds "7"]
[EventCountry "EST"]
[SourceDate "2006.04.22"]
[WhiteTeam "Kadrioru MK"]
[BlackTeam "Narva Maletäht"]
[WhiteTeamCountry "EST"]
[BlackTeamCountry "EST"]

1. e4 c5 2. Nf3 e6 3. c3 Nf6 4. e5 Nd5 5. d4 cxd4 6. cxd4 b6 7. Bc4 Bb7 8. O-O
d6 9. a3 Nd7 10. Re1 Be7 11. Bxd5 Bxd5 12. Nc3 Bxf3 13. Qxf3 O-O 14. Qg3 dxe5
15. Bh6 Bf6 16. dxe5 Nxe5 17. Rad1 Qe7 18. Bf4 Bh4 19. Qh3 Ng6 20. Bd6 Qb7 21.
Bxf8 Rxf8 22. Ne4 Be7 23. Qd3 Qa8 24. Qb5 f5 25. Nc3 Nf4 26. Qf1 Rf6 27. Ne2
Nd5 28. g3 f4 29. Rd3 Bc5 30. Nd4 fxg3 31. hxg3 Nf4 32. gxf4 Bxd4 33. Qg2 Rg6
34. Rg3 Qxg2+ 35. Kxg2 Bxb2 36. Rxg6 hxg6 37. a4 Kf7 38. Kf3 Ke7 39. Ke4 Kd6
40. Rg1 Kc5 41. Rg5+ Kc4 42. a5 b5 43. a6 b4 44. Rxg6 Bf6 45. Rg1 b3 46. Rc1+
Bc3 47. Rb1 b2 48. f3 Bf6 49. Ke3 Kc3 50. Rd1 Kc2 0-1

[Event "Eesti klubide mv"]
[Site "Tallinn"]
[Date "2006.03.24"]
[Round "3"]
[White "Zhavoronkov, Vladimir"]
[Black "Olde, Hendrik"]
[Result "1-0"]
[WhiteElo "2366"]
[BlackElo "2335"]
[PlyCount "55"]
[EventDate "2006.03.23"]
[EventType "team"]
[EventRounds "7"]
[EventCountry "EST"]
[SourceDate "2006.04.22"]
[WhiteTeam "Narva Maletäht"]
[BlackTeam "Kadrioru MK"]
[WhiteTeamCountry "EST"]
[BlackTeamCountry "EST"]

1. e4 Nf6 2. e5 Nd5 3. d4 d6 4. Nf3 g6 5. Bc4 Nb6 6. Bb3 Bg7 7. Ng5 e6 8. f4
O-O 9. O-O c5 10. c3 Nc6 11. dxc5 dxc5 12. Qe2 Nd5 13. Be3 b6 14. Rd1 Qe7 15.
Na3 Bb7 16. Nc4 Nxe3 17. Qxe3 Rad8 18. Nd6 h6 19. Ngxf7 Rxf7 20. Nxb7 Rdf8 21.
Qe4 Qxb7 22. Bxe6 Nd8 23. Bd5 Qa6 24. Qxg6 Qe2 25. Re1 Qxb2 26. f5 Qc2 27. Rac1
Qd3 28. Rcd1 1-0